000 00416nam a2200169Ia 4500
003 LK-CoDNM
005 20241209115708.0
008 010623t1979 xxu||||| |||| 00| 1 eng d
040 _aLK-CoDNM
_dLK-CoDNM
_eLK-CoDNM
041 _aeng
080 _a294.32
_bVAN
100 _aVan Zeyst,Henri.
245 _aKarma And Rebirth
260 _bMetro Printers
_aColombo
_c1979
300 _b28p. ; 18 cm
942 _cBK
999 _c110795
_d110795